| 000 | 00744cam a22002533a 4500 | ||
|---|---|---|---|
| 001 | 31231 | ||
| 003 | PGUSA | ||
| 005 | 20140828083657.0 | ||
| 008 | 100208s2010||||xxu|||||s|||||000 1 eng d | ||
| 040 |
_aPGUSA _beng |
||
| 042 | _adc | ||
| 050 | 4 | _aPZ | |
| 100 | 1 |
_aAvery, Harold, _d1867-1943 |
|
| 245 | 1 | 0 |
_aUnder Padlock and Seal _h[electronic resource] / _cHarold Avery |
| 260 |
_bProject Gutenberg, _c2010 |
||
| 506 | _aPublic domain in the USA. | ||
| 516 | _aElectronic text | ||
| 653 | _aUncles -- Juvenile fiction | ||
| 653 | _aInheritance and succession -- Juvenile fiction | ||
| 653 | _aWooden boxes -- Juvenile fiction | ||
| 830 | 0 |
_aProject Gutenberg _v31231 |
|
| 856 | 4 | 0 | _uhttp://www.gutenberg.org/ebooks/31231 |
| 942 | _cEB | ||
| 999 |
_c260486 _d260486 |
||